000 00831nas a2200229 4500
001 BR9208022
003 BR-BrBNA
005 20231205093053.0
007 ta
008 230509b bl.|||p| |||| 00| 00por d
040 _aBR-BrBNA
_bpor
_cBiblioteca Nacional de Agricultura
041 _a(Pt)
072 _aH10
100 1 _aMielke, O.H.H.
245 1 _aNovas especies de Vidius Evans e Cobalopsis Godman Salvin do Brasil (Lepidoptera, Hesperiidae, Hesperiinae)
246 1 _a[New species of Vidius Evans and Cobalopsis Godman Salvin from Brazil (Lepidoptera, Hesperiidae, Hesperiinae)!
650 _aLEPIDOPTERO
650 _aBIOLOGIA
773 0 _tRevista Brasileira de Zoologia (Brazil)
_xISSN 0101-8175
_g(Dec 1989), v. 6(4) p. 659-670
_wBR9208022
909 _a202311
_bLúcia
_c55
_dLúcia Elande
942 _2AGRIS
_n0
_cANA
999 _c136047
_d136047